[Event "GRE ESSPEP-ch"]
[Site "Greece"]
[Date "2008.03.23"]
[Round "4"]
[White "Kolovos, Georgios"]
[Black "Avdouli, Evangelia"]
[Result "1-0"]
[WhiteElo "1000"]
[BlackElo "1853"]
[PlyCount "61"]
[EventDate "2008.03.21"]
[EventType "swiss"]
[EventRounds "5"]
[EventCountry "GRE"]
[SourceTitle "EXT 2024"]
[Source "ChessBase"]
[SourceDate "2023.10.10"]
[SourceVersion "1"]
[SourceVersionDate "2023.10.10"]
[SourceQuality "1"]

1. e4 c5 2. Nf3 d6 3. c3 Nf6 4. Qc2 a6 5. d4 cxd4 6. Nxd4 g6 7. f4 Bg7 8. Bd3 b5 9. h3 Bb7 10. Be3 Nbd7 11. Nb3 Rc8 12. a3 Qc7 13. N1d2 Qb8 14. 0-0 Qc7 15. Rae1 h5 16. Nf3 Nc5 17. Nxc5 dxc5 18. f5 c4 19. fxg6 cxd3 20. gxf7+ Kf8 21. Qxd3 Bxe4 22. Qe2 Bd5 23. Nd4 Bxf7 24. Bf4 Qd7 25. Rf2 Bd5 26. Bg5 Rg8 27. Nf5 Re8 28. Nxe7 Kf7 29. Bxf6 Bxf6 30. Rxf6+ Kxf6 31. Qe5+ 1-0